| 000 | 02055nam a22001817a 4500 | ||
|---|---|---|---|
| 005 | 20250821114008.0 | ||
| 008 | 180809b ||||| |||| 00| 0 eng d | ||
| 082 |
_22018 _aUT 1017 _bP34 |
||
| 100 |
_930315 _aPayot, Cyd Magica C. |
||
| 245 |
_aFood safety awareness and food preferences among 4th year btte students/ _cCyd Magica C. Payot and Blanche G. Almacin. |
||
| 260 |
_aDigos City: _bUMDC _cApril 2018. |
||
| 300 |
_a46 pages; _b29.5 cm. |
||
| 520 | _aProper hygiene practices among food vendors are crucial in ensuring food safety and preventing foodborne illnesses. Although food vendors play a critical role in the food supply chain, foodborne illnesses and food contamination can result from inadequate hygiene practices. This study aimed to assess the food safety awareness and hygiene practices of street vendors in Digos City. Eventually, data was collected from 150 randomly selected food vendors, and answered the adopted questionnaire using a 5-point Likert scale. The study used a descriptive-comparative research design to determine the awareness level of food vendors on food safety and proper hygiene. Based on the findings, the level of awareness on food safety is high. It indicates that food safety standards are consistently upheld across food vendors. While, the level of food hygiene among food vendors was described as high, thus, this indicates that the food hygiene among food vendors is well practiced and relatively evident. Findings also revealed that there was a significant difference between food safety awareness and proper hygiene practices among vendors when analyzed by profile. Hence, the study suggests that improving food safety and hygiene standards in Digos City can lead to a reduction in foodborne diseases and overall public health by implementing food safety training for vendors and must undergo regular inspections of city health office. | ||
| 650 | 0 |
_930316 _aEducation. _vBTTE. _xUndergraduate thesis. |
|
| 700 |
_930318 _aPayot, Cyd Magica C. |
||
| 700 |
_930319 _aAlmacin, Blanche G. |
||
| 942 |
_2ddc _cUT |
||
| 999 |
_c10273 _d10273 |
||